Tratados y legislación básica de la Unión Europea /

Guardat en:
Dades bibliogràfiques
Autor principal: Alonso García, Ricardo (ed.)
Altres autors: López de la Osa Escribano, Alfonso (edición) (edición)
Format: Llibre
Idioma:espanyol
Publicat: Madrid, España : Thomson, 2007, c2007
Col·lecció:(Civitas. Biblioteca de Legislación)
Matèries:
Etiquetes: Afegir etiqueta
Sense etiquetes, Sigues el primer a etiquetar aquest registre!

MARC

LEADER 00000nam^a2200000^a^4500
001 000380238
005 20250624000000.0
009 20260310120554.654
020 |a 978-84-470-2744-6 
037 |a Acervo ITESO - Biblioteca 
041 |a ESP 
082 |a 349. 40  |b ALO 
100 |a Alonso García, Ricardo  |e (ed.) 
245 1 0 |a Tratados y legislación básica de la Unión Europea /  |c Ed. de R. Alonso García, A. López de la Osa Escribano. 
264 4 |a Madrid, España :  |b Thomson,  |c 2007, c2007 
300 |a 624 p. 
336 |a texto  |b txt  |2 rdacontenido 
337 |a sin mediación  |b n  |2 rdamedio 
338 |a volumen  |b nc  |2 rdasoporte 
440 1 |a (Civitas.  |p Biblioteca de Legislación) 
649 |a XX 
650 |a Tratados Internacionales -  |z Unión Europea 
650 |a Derecho Comunitario -  |x Leyes y Reglamentos 
650 |a Derecho Internacional -  |z Unión Europea 
650 |a Unión Europea -  |x Leyes y Reglementos -  |x Tema Principal 
700 |a López de la Osa Escribano, Alfonso  |e (edición) 
910 |a Fondo General 
920 |a Impresos - Libros 
930 |a Colección General 
905 |a 101 
901 |a 0500274779  |b IT1  |c ACC  |d DT  |i D77596  |u 20250624 
902 |a https://opac.biblio.iteso.mx/vufind/Record/000380238